Statistics for Every Star Wars Character in ''The Phantom Menace''

Click here to take the quiz!

General Stats

  • This quiz has been taken 8 times
    (3 since last reset)
  • The average score is 29 of 154

Answer Stats

HomeworldSpeciesAffiliationsOccupationRankDeathQuote.....................Answer% Correct
AlderaanHumanAlderaanian delegationPoliticianSenator of AlderaanAlive"Alderaan seconds the motion for a vote of no confidence in Chancellor Valorum."Bail Antilles
100%
CoruscantTholothianJedi OrderJedi MasterJedi General19 BBY, Florrum"Define 'pretty close'."Adi Gallia
50%
MalastareGranCongress of MalastarePoliticianSenator of the Congress of MalastareBetween 28 BBY and 22 BBY"The Congress of Malastare concurs with the honorable delegate from the Trade Federation.''Aks Moe
50%
TatooineHumanJedi OrderJedi InitiateNo Rank4 ABY, Death Star II''Are you an angel?''Anakin Skywalker
50%
UnknownHumanJudicial ForcesGuardNo Rank32 BBY, Saak'ak, Naboo system"Captain, look!"Antidar Williams
50%
Nar ShaddaaPalliduvanKrayt's ClawBounty HunterNo Rank13 BBY"Well, a girl's gotta make a living."Aurra Sing
50%
RylothTwi'lekJ****'s criminal empireCriminalMajordomo9 ABY, Tatooine"Die wanna wanga!"Bib Fortuna
50%
Cybot GalacticaProtocol DroidSkywalker familyServantDroidAlive"Oh, might I remind you, sir, I was once protocol droid to the chief negotiator for the entire Manakron system."C-3PO
50%
DathomirZabrakSith OrderSithDarth2 BBY, Tatooine"At last, we will reveal ourselves to the Jedi. At last, we will have revenge."Darth Maul
50%
NabooHumanSith OrderSithDark Lord of the Sith, Darth4 ABY, Death Star II"Wipe them out. All of them."Darth Sidious
50%
NeimoidiaNeimoidianTrade FederationFleet officerCaptain32 BBY, Vuutun Palaa, Naboo system"This scheme of yours has failed, Lord Sidious. The blockade is finished. We dare not go against the Jedi."Daultay Dofine
50%
ChalactaHumanJedi OrderJedi MasterJedi General19 BBY, Kaller"You must run! Run, Caleb!"Depa Billaba
50%
IridoniaZabrakJedi OrderJedi MasterJedi General14 BBY"I am no Jedi. Not anymore. I am a husband.''Eeth Koth
50%
LannikLannikJedi OrderJedi MasterJedi General20 BBY, Lola Sayu"It takes more than they got to break me.''Even Piell
50%
CoruscantHumanOffice of the ChancellorPoliticianSupreme ChancellorAlive"It's been a long time, my friend."Finis Valorum
50%
Industrial AutomatonAstromech droidRoyal House of NabooMechanicDroid32 BBY, Naboo system("We're losing droids, fast.")G8-R3
50%
Nal HuttaHuttG*******'s criminal empireCrime LordBesadiiAlive«How goes the war, gentlemen?»Gardulla Besadii the Elder
50%
RodiaRodianUnknownNo Occupation yetCivilian0 BBY, Tatooine"Your reputation. It ain't good."Greedo
50%
Nal HuttaHuttJ****'s criminal empireCrime LordDesilijic4 ABY, Tatooine("If I told you half the things I've heard about this J****, you'd probably short-circuit!")Jabba Desilijic Tiure
50%
NabooGunganGungan High CouncilPoliticianJunior Representative, commanderAlive"Mesa clumsy."Jar Jar Binks
50%
CereaCereanJedi OrderJedi MasterJedi General19 BBY, Mygeeto"There is no such thing as luck."Ki-Adi-Mundi
50%
TatooineHumanUnknownSlaveCivilianAlive"This is so wizard, Ani!"Kitster Banai
50%
NeimoidiaNeimoidianTrade FederationPoliticianSenator of the Trade Federation19 BBY, Mustafar"Slanderous! We are not Separatists simply because we do business with them.''Lott Dod
50%
Haruun KalHumanJedi OrderJedi MasterJedi General19 BBY, Coruscant"There's no doubt the mysterious warrior was a Sith."Mace Windu
50%
UnknownHumanJudicial ForcesGuardCaptain32 BBY, Saak'ak, Naboo system"Shields up!"Maoi Madakor
50%
ChampalaChagrianOffice of the ChancellorPoliticianGrand VizierAlive"We all do our part for the Empire."Mas Amedda
50%
NeimoidiaNeimoidianTrade FederationPoliticianViceroy19 BBY, Mustafar"All I know is I never risk my own skin if I don't have to."Nute Gunray
50%
StewjonHumanJedi OrderJedi PadawanJedi Commander0 BBY, Death Star"I have a bad feeling about this."Obi-Wan Kenobi
50%
RodiaRodianRepublic SenatePoliticianSenator of Rodia21 BBY, Coruscant"Can you ever forgive me, Padmé?"Onaconda Farr
50%
Baktoid Combat AutomataOOM-series command battle droidTrade Federation Droid ArmySoldierCommander32 BBY, Naboo"Open fire!"OOM-9
50%
ThisspiasThisspiasianJedi OrderJedi MasterJedi General19 BBY, Saleucami"To walk the path of the Jedi, one's spirit must be strong. That requires discipline."Oppo Rancisis
50%
RylothTwi'lekRepublic SenatePoliticianSenator of RylothAlive"Need I remind you that it is I who leads our people in the Senate!"Orn Free Taa
50%
NabooHumanRoyal House of NabooPoliticianQueen19 BBY, Polis Massa"Now, Viceroy, we will discuss a new treaty!"Padmé Amidala
50%
KoorivaKoorivarCorporate AlliancePoliticianMagistrate19 BBY, Mustafar"Always in service to the Confederacy, my Lord. Always."Passel Argente
50%
DorinKel DorJedi OrderJedi MasterJedi General19 BBY, Cato Neimoidia"I will come along and fly fighter escort."Plo Koon
50%
AndoUalaq AqualishHyper-Communications CartelPoliticianSenator of Ando19 BBY, MustafarNo QuotePo Nudo
50%
NabooHumanRoyal Naboo Security ForcesSecurity guardCaptain3 BBY, Onoam"I think you can kiss your trade franchise good-bye."Quarsh Panaka
50%
CoruscantHumanJedi OrderJedi MasterJedi General32 BBY, Naboo"No. I sense an unusual amount of fear for something as trivial as this trade dispute."Qui-Gon Jinn
50%
KiffuKiffarJedi OrderJedi MasterJedi GeneralAlive"Maybe next time I'll come alone, hm?"Quinlan Vos
50%
Industrial AutomatonR2 series astromech droidRoyal Naboo Security ForcesMechanicDroid32 BBY, Naboo system("We're losing droids, fast.")R2-B1
50%
Industrial AutomatonR2 series astromech droidRoyal Naboo Security ForcesMechanicDroidAlive("An extremely well put-together little droid.")R2-D2
50%
Industrial AutomatonR2 series astromech droidRoyal Naboo Security ForcesMechanicDroid32 BBY, Naboo system"WAAOOOOO!"R2-R9
50%
AleenAleenaBoonta Eve ClassicPodracer pilotCivilian32 BBY, TatooineNo QuoteRatts Tyerell
50%
NabooGunganGungan Grand ArmyMilitary officerCaptain20 BBY, Naboo"Not die… sacrifice!"Roos Tarpals
50%
NabooGunganGungan High CouncilPoliticianBossAlive"Yousa no thinken yousa greater than the Gungans? Mesa lika this. Maybe wesa being friends."Rugor Nass
50%
NeimoidiaNeimoidianTrade FederationOfficialHigh ranking member19 BBY, Mustafar"We should not have made this bargain."Rune Haako
50%
IktotchIktotchiJedi OrderJedi MasterJedi General19 BBY, Coruscant"Wing commanders, form up. We're going in."Saesee Tiin
50%
MalastareDugBoonta Eve ClassicPodracer pilotCivilianAlive«You won't walk away from this one, you slave scum.»Sebulba
50%
TatooineHumanSkywalker familySlaveCivilian22 BBY, Tatooine"There was no father. I carried him, I gave birth, I raised him. I can't explain what happened."Shmi Skywalker
50%
NabooHumanNaboo Royal Advisory CouncilPoliticianGovernorAlive"This invasion will gain you nothing. We're a democracy. The people have decided…"Sio Bibble
50%
Cybot GalacticaTC-series protocol droidTrade Federation Droid ArmyServantDroid32 BBY, Vuutun Palaa, Naboo system"The ambassadors are Jedi Knights, I believe."TC-14
50%
NeimoidiaNeimoidianTrade FederationBattleship pilotUnknown32 BBY, Vuutun Palaa, Naboo system"Sir! They've gone up the ventilation shaft!"Tey How
50%
Mon CalaQuarrenConfederacy of Independent SystemsPoliticianSenator of Mon Cala19 BBY, Mustafar"XTS was very forthcoming during our search for the truth, and assisted us in every possible means.''Tikkes
50%
UnknownUnknownJedi OrderJedi MasterJedi General32 BBY, Coruscant"Already so many have suffered for what you call 'order'."Yaddle
50%
QuermiaQuermianJedi OrderJedi MasterJedi General22 BBY"Let the past die."Yarael Poof
50%
UnknownUnknownJedi OrderGrand MasterMaster of the Order4 ABY, Dagobah"Always two, there are. No more, no less. A master and an apprentice."Yoda
50%
Baktoid Combat AutomataB1-Series battle droidTrade Federation Droid ArmySoldierTrooper32 BBY, Naboo("They all broke-ed.")1138
0%
Baktoid Combat AutomataB1-Series battle droidTrade Federation Droid ArmySoldierTrooper32 BBY, NabooNo Quote1234
0%
Baktoid Combat AutomataB1-Series battle droidTrade Federation Droid ArmySoldierTrooperAliveNo Quote1373
0%
Baktoid Combat AutomataB1-Series battle droidTrade Federation Droid ArmySoldierTrooperAliveNo Quote1472
0%
Baktoid Combat AutomataB1-Series battle droidTrade Federation Droid ArmySoldierTrooper32 BBY, NabooNo Quote1933
0%
Baktoid Combat AutomataOOM-series command battle droidTrade Federation Droid ArmySoldierCommander32 BBY, Naboo"Coruscant? Uh, that doesn't compute. Uh, wait, uh, you're under arrest!"2163
0%
Baktoid Combat AutomataOOM-series security droidTrade Federation Droid ArmyGuardTrooperAliveNo Quote2296
0%
Baktoid Combat AutomataOOM-series security droidTrade Federation Droid ArmyGuardTrooperAliveNo Quote2391
0%
Baktoid Combat AutomataB1-Series battle droidTrade Federation Droid ArmySoldierTrooperAliveNo Quote2714
0%
Baktoid Combat AutomataB1-Series battle droidTrade Federation Droid ArmySoldierTrooper32 BBY, NabooNo Quote2943
0%
Baktoid Combat AutomataB1-Series battle droidTrade Federation Droid ArmySoldierTrooperAliveNo Quote3271
0%
Baktoid Combat AutomataB1-Series battle droidTrade Federation Droid ArmySoldierTrooperAliveNo Quote6369
0%
Baktoid Combat AutomataB1-Series battle droidTrade Federation Droid ArmySoldierTrooper32 BBY, NabooNo Quote7169
0%
Baktoid Combat AutomataB1-Series battle droidTrade Federation Droid ArmySoldierTrooperAlive"Hands up."7276
0%
Baktoid Combat AutomataB1-Series battle droidTrade Federation Droid ArmySoldierTrooperAliveNo Quote7824
0%
MalastareGranMalastare delegationPoliticianSenator of MalastareAliveNo QuoteAinlee Teem
0%
Ploo IIGlymphidBoonta Eve ClassicPodracer pilotCivilianAliveNo QuoteAldar Beedo
0%
TatooineHumanUnknownNo Occupation yetCivilianAlive"You've been working on that thing for years."Amee
0%
RylothTwi'lekJ****'s criminal empireSlaveCivilianAlive''We work as masseuses for Sebulba, and anyone else with a lot of money."Ann Gella
0%
SumpNuknogBoonta Eve ClassicPodracer pilotCivilianAlive("He's not good-looking, but he's not shy. *** "Bumpy" *****!")Ark "Bumpy" Roose
0%
UnknownHumanRoyal House of Naboo, Bravo SquadronPilotLieutenantAlive"Look, one of ours, out of the main hold!"Arven Wendik
0%
NabooGunganGreat Municipal BandBandleaderCivilianAliveNo QuoteAugara Jowil
0%
MalastareGranGran ProtectoratePoliticianSenator of the Gran ProtectorateAliveNo QuoteBaskol Yeesrim
0%
TundToongBoonta Eve ClassicPodracer pilotCivilianAlive"Doowat macroon!"Ben Quadinaros
0%
ShimiaPacithhipUnknownEngineerCivilianAliveNo QuoteBok Askol
0%
SneeveSneevelBoonta Eve ClassicPodracer pilotCivilianAlive("It's two-time winner, ***** ****!")Boles Roor
0%
New PlymptoNosaurianBoonta Eve ClassicJournalist, podracerCivilianAlive("A hearty hello to ***** ********, and his Voltec KT9 Wasp.")Clegg Holdfast
0%
NabooHumanUnknownAnimal trainerCivilianAliveNo QuoteDams Denna
0%
UnknownHumanRoyal House of Naboo, Bravo SquadronPilotTrooperAlive"Roger, Bravo Leader."Dineé Ellberger
0%
UnknownTheelinG*******'s criminal empireAssistant, slaveNo RankAliveNo QuoteDiva Funquita
0%
UnknownTheelinJ****'s criminal empireSinger, slaveNo RankAlive(''A singer in a band.")Diva Shaliqua
0%
VulpterVulptereenBoonta Eve ClassicPodracer pilot, hitmanCivilianAlive"And back again, it's the mighty *** **** with that incredible racing machine, the Vulptereen 327!"Dud Bolt
0%
Serv-O-Droid, Inc.DUM-series pit droidBoonta Eve ClassicMechanicDroidAliveNo QuoteDUM-4
0%
TriffisTriffianBoonta Eve ClassicPodracer pilotCivilianAliveNo QuoteEbe E. Endocott
0%
NabooHumanRoyal House of NabooAuthor, linguistCivilianAlive(''He was once a great man, though, long ago.")Ebenn Q3 Baobab
0%
RoonaRoonanRepublic SenatePoliticianSenator of RoonaAlive"That only highlights its insincerity!"Edcel Bar Gane
0%
NabooHumanNaboo Royal HandmaidensScientist, engineer, artist, handmaidenCivilianAlive"Anakin Skywalker? Is that really you?"Eirtama ''Eirtaé'' Ballory
0%
Ploo IVFluggrianBoonta Eve ClassicPodracer pilotCivilianAliveNo QuoteElan Mak
0%
UnknownHumanUnknownUnknownCivilianAliveNo QuoteElnick Pye
0%
TatooineHumanUnknownSlaveCivilianAliveNo QuoteErdan
0%
PollillusTroigBoonta Eve ClassicAnnouncerCivilianAlive"Oh, I don't care what universe you're from. That's gotta hurt!"Fodesinbeed Annodue
0%
TroikenXextoBoonta Eve ClassicPodracer pilotCivilianAlive("…eh ******* doowa newpa Ord Petrovia!")Gasgano
0%
UnknownHumanRoyal House of Naboo, Bravo SquadronPilotTrooperAliveNo QuoteGavyn Sykes
0%
NabooHumanNaboo Royal Advisory CouncilMinisterMaster of SciencesAliveNo QuoteGraf Zapalo
0%
TatooineSwokes SwokesUnknownGorgmongerCivilianAlive"U wamma won ka? Ka goba wupi upi!''Gragra
0%
UnknownAnxUnknownUnknownCivilianAlive«Make it fifteen wupiupi, and you have a bet!'»Graxol Kelvyyn
0%
UnknownAsogianRepublic SenatePoliticianSenatorAliveNo QuoteGrebleips
0%
NabooHumanNaboo Royal Advisory CouncilMusic advisorCivilianAliveNo QuoteHela Brandes
0%
NabooHumanRoyal Naboo Security ForcesSecurity guardSergeantAliveNo QuoteHogan Tinmar
0%
NabooHumanNaboo Royal Advisory CouncilEconomic advisorCivilianAliveNo QuoteHorace Vancil
0%
Gravlex MedAnxRepublic SenatePoliticianSenator of the Raioballo sectorAlive"I trust the younger generation to bring about peace where we have failed.''Horox Ryyder
0%
NabooHumanNaboo Royal Advisory CouncilArchitectChiefAliveNo QuoteHugo Eckener
0%
Sy MyrthSy MyrthianConfederacy of Independent SystemsAideNo RankAliveNo QuoteIanad Cisma
0%
UnknownHumanRoyal Naboo Security ForcesSecurity guardTrooperAlive"Let him in."Jerus Jannick
0%
TatooineHumanUnknownSalesmanCivilianAlive"Storm's coming up, Ani. You better get home quick!"Jira
0%
UnknownHumanUnknownMechanicCivilianAliveNo QuoteLana Dobreed
0%
UnknownHumanAlderaanian delegationAideNo RankAliveNo QuoteLiana Merian
0%
NeimoidiaNeimoidianTrade FederationPoliticianBaronAliveNo QuoteLufa Danak
0%
NabooHumanNaboo Royal Advisory CouncilEducation RegentCivilianAliveNo QuoteLufta Shif
0%
UnknownHumanRoyal House of Naboo, Bravo SquadronPilotTrooperAlive"My family could be in that camp, I'm going in!"Lutin Hollis
0%
PhuBardottanBoonta Eve ClassicPodracer pilotCivilianAlive("First time, big time... **** ***!")Mars Guo
0%
UnknownHumanUnknownMechanicCivilianAliveNo QuoteMat Rags
0%
HokGranBoonta Eve ClassicPodracer pilotCivilianAlive("And in the front row: Nearside pole position; ********!")Mawhonic
0%
TatooineHumanUnknownNo Occupation yetCivilianAlive"It's never gonna run."Melee
0%
UnknownTarnabRepublic SenatePoliticianSenatorAlive"You can't negotiate with those animals. Keep the war going! Vote now!"Mot-Not Rab
0%
XagobahXamsterBoonta Eve ClassicPodracer pilotCivilianAliveNo QuoteNeva Kee
0%
Cybot GalacticaProtocol DroidCivilianTranslatorDroidAliveNo QuoteNobot
0%
UnknownHumanUnknownMechanicCivilianAliveNo QuoteOdin Nesloor
0%
TatooineEr'KitBoonta Eve ClassicPodracer pilotCivilianAlive("And hoping for a big win today, *** ********, with his record-setting pit droid team.")Ody Mandrell
0%
TatooineTuskenTusken tribeRaiderCivilianAlive("Looks like a few Tusken Raiders are camped out on the Canyon Dune Turn.")Orr'UrRuuR'R
0%
Baktoid Combat AutomataOOM-series command battle droidConfederacy of Independent SystemsSoldierCommander32 BBY, Saak'ak, Naboo system"Check it out, corporal. We'll cover you."OWO-1
0%
RodiaRodianRepublic SenateAideNo RankAliveNo QuotePa Dua
0%
RylothTwi'lekRepublic SenateAideNo RankAliveNo QuotePampy
0%
UnknownHumanRoyal Naboo Security ForcesSecurity guardTrooperAliveNo QuotePerosei
0%
UnknownHumanRoyal House of Naboo, Bravo SquadronPilotTrooperAlive"Hee-hee!"Porro Dolphe
0%
Industrial AutomatonR2 series astromech droidRoyal House of Naboo, Bravo SquadronMechanicDroidAliveNo QuoteR2-A6
0%
Industrial AutomatonR2 series astromech droidNaboo Royal Space Fighter CorpsMechanicDroidAliveNo QuoteR2-C4
0%
Industrial AutomatonR2 series astromech droidRoyal Naboo Security ForcesMechanicDroidAliveNo QuoteR2-M5
0%
Industrial AutomatonR2 series astromech droidRoyal Naboo Security ForcesMechanicDroid32 BBY, Naboo systemNo QuoteR2-N3
0%
NabooHumanNaboo Royal HandmaidensHandmaidenCivilianAlive"The Umbaran…she was right about me. I do want safety. More than anything."Rabene ''Rabé'' Tonsort
0%
NabooHumanRoyal House of Naboo, Bravo SquadronPilotCommander3 ABY"Enemy fighters straight ahead!"Ric Olié
0%
UnknownHumanoidUnknownBounty HunterNo RankAliveNo QuoteRum Sleg
0%
NabooHumanNaboo Royal HandmaidensHandmaidenCivilianAlive''They didn't give me a part and they forgot to assign me a backstage job.''Sashah ''Saché'' Adova
0%
TatooineHumanUnknownNo Occupation yetCivilianAlive"Come on. Let's go and play ball. Keep racing, Ani. You're gonna be bug squash."Seek
0%
UnknownHumanOffice of the ChancellorAideNo RankAlive"And yet you favor black and blue in everything you wear."Sei Taria
0%
NabooHumanNaboo Royal HandmaidensHandmaidenCivilianAlive(''May your house be full of joy and the happiest of clattering.")Suyan ''Yané'' Higin
0%
RylothTwi'lekJ****'s criminal empireSlaveCivilianAlive(''We work as masseuses for Sebulba, and anyone else with a lot of money.")Tann Gella
0%
Moonus MandelVeknoidBoonta Eve ClassicPodracer pilotCivilianAliveNo QuoteTeemto Pagalies
0%
NabooGunganGungan High CouncilOfficialRepAliveNo QuoteTeers
0%
NabooGunganGungan Grand ArmyMilitary officerGeneralAlive"Shoota' them up real good!"Tobler Ceel
0%
Sy MyrthSy MyrthianConfederacy of Independent SystemsPoliticianSenator of Sy MyrthAliveNo QuoteToonbuck Toora
0%
RodiaRodianRepublic SenateAideNo RankAliveNo QuoteTox Don
0%
NabooHumanNaboo Royal HandmaidensHandmaidenCivilianAlive"But my hands are yours for as long as you need them. I was only waiting for you to ask."Tsabin ''Sabé''
0%
TatooineRodianJunkshopSlaveCivilianAlive"Keep this up, ******, and you're gonna come to a bad end."Wald
0%
Ord RadamaDevlikkBoonta Eve ClassicPodracer pilotCivilianAliveNo QuoteWan Sandage
0%
ToydariaToydarianJunkshopJunk dealer, human traffickerCivilianAlive«Outlanders. They think we know nothing.»Watto
0%
TatooineHumanCloud-RidersThiefNo RankAlive("We're not marauders. We're allies. And the war has just begun.")Weazel
0%
KashyyykWookieeRepublic SenatePoliticianSenator of KashyyykAliveNo QuoteYarua
0%

Score Distribution

Percentile by Number Answered

Percent of People with Each Score

Your Score History

You have not taken this quiz since the last reset